Marketingová komunikace otevřené firmy
Vlastnosti otvorenej marketingovej komunikácie. Praktický význam pojmov interaktívna, aktívna a všeobecná komunikácia. Manažment a otvorená marketingová komunikácia. Nahradenie krátkodobých obchodných stykov väzbami založenými na dlhodobej spolupráci. Dokončenie z čísla 9/2003.
Salvato in:
| Autore principale: | |
|---|---|
| Natura: | Capitolo di libro |
| Lingua: | ceco |
| Soggetti: | |
| Tags: |
Nessun Tag, puoi essere il primo ad aggiungerne!!
|
MARC
| LEADER | 00000naa$a2200000$$$4500 | ||
|---|---|---|---|
| 001 | 0001679 | ||
| 005 | 20231004101213.7 | ||
| 041 | 0 | |a cze | |
| 044 | |a CZ | ||
| 245 | 1 | 0 | |a Marketingová komunikace otevřené firmy |c aut. Miloš Toman |
| 520 | |a Vlastnosti otvorenej marketingovej komunikácie. Praktický význam pojmov interaktívna, aktívna a všeobecná komunikácia. Manažment a otvorená marketingová komunikácia. Nahradenie krátkodobých obchodných stykov väzbami založenými na dlhodobej spolupráci. Dokončenie z čísla 9/2003. | ||
| 610 | 2 | 0 | |a komunikácia marketingová |
| 610 | 2 | 0 | |a marketing |
| 610 | 2 | 0 | |a marketing interaktívny |
| 610 | 2 | 0 | |a obchod |
| 610 | 2 | 0 | |a manažment |
| 100 | 1 | |a Toman, Miloš | |